| 000 | 01004cam a22002894a 4500 | ||
|---|---|---|---|
| 999 |
_c768 _d768 |
||
| 001 | 14725175 | ||
| 003 | GZU | ||
| 005 | 20200914102125.0 | ||
| 008 | 070206s2006 rh ab b 000 0 eng | ||
| 010 | _a 2007380025 | ||
| 020 | _a1779220618 | ||
| 040 |
_aDLC _cDLC _dDLC |
||
| 042 | _alcode | ||
| 043 | _af-rh--- | ||
| 050 | 0 | 0 |
_aDT 3025 SOP 2006 _b |
| 100 | 1 |
_aSoper, R. C. _q(Robert C.) |
|
| 245 | 1 | 4 |
_aThe terrace builders of Nyanga / _cRobert Soper. |
| 260 |
_aHarare : _bWeaver Press, _c2006. |
||
| 300 |
_avi, 82 p. : _bill., maps ; _c24 cm. |
||
| 504 | _aIncludes bibliographical references (p. 80-82). | ||
| 650 | 0 |
_aTerracing _zZimbabwe _zInyanga Region. |
|
| 651 | 0 |
_aZimbabwe _xAntiquities. |
|
| 856 | 4 | 1 |
_3Table of contents only _uhttp://www.loc.gov/catdir/toc/fy0714/2007380025.html |
| 906 |
_a7 _bcbc _corigode _d3 _encip _f20 _gy-gencatlg |
||
| 942 |
_2lcc _cBK _h3025 _iSOP _kDT |
||